• 首页
  • 本馆介绍
  • 公告通知
  • 最新文献
  • 馆藏检索
  • 电子资源
  • 读者导购
  • 参考咨询
  • 我的图书馆
  • 登录
  • 详细信息显示
  • 放入我的书架
  • 预约/预借图书
  • 作者相关作品
  • 分类相关作品
  • 丛书相关作品
  • 出版社相关作品

书目信息

  • 表格格式
  • 工作单格式
  • 卡片格式
题名:
谈徵
    
 
作者: 伊秉绶 撰 ;曾昭聪 点校
分册:  
出版信息: 北京   中华书局  2020
页数: 286页
开本: 24cm
丛书名:
单 册:
中图分类: H136.4-61
科图分类:
主题词: 汉语--han yu--俗语--词典
电子资源:
ISBN: 978-7-101-14389-8
000 01075nam0 2200253 450
001 2131058602
005 20211029202829.0
010    @a978-7-101-14389-8@dCNY59.00
100    @a20200530d2020 em y0chiy0120 ea
101 0  @achi
102    @aCN@b110000
105    @aa z 001yy
106    @ar
200 1  @a谈徵@Atan zheng@f(清)伊秉绶撰@g曾昭聪点校
210    @a北京@c中华书局@d2020
215    @a286页@c图@d24cm
300    @a全国高校古委会直接资助项目终期成果 国家社科基金重大项目“汉语词源学理论建设与应用研究”阶段性成果 广东省高水平大学建设经费资助出版
330    @a本书共分名、言、事、物四大类,每个大类收录相应的词语,约600条,内容涉及天文、时令、称谓、官制、建筑、传说、风俗、饮食、言语、服饰、名物、动植物等,然后引书证探源,探求词的得名缘由,揭示词语的最早用例,尤其是记录了相当多的方言俗语,或者加按语加以考证说明。
606 0  @a汉语@Ahan yu@x俗语@j词典
690    @aH136.4-61@v5
701  0 @c(清)@a伊秉绶@Ayi bing shou@f(1754-1815)@4撰
702  0 @a曾昭聪@Azeng zhao cong@4点校
801  0 @aCN@b百万庄@c20211029
905    @b1313579-582@dH136.4-61@e409@f4
    
    谈徵/(清)伊秉绶撰/曾昭聪点校.-北京:中华书局,2020
    286页:图;24cm
    全国高校古委会直接资助项目终期成果 国家社科基金重大项目“汉语词源学理论建设与应用研究”阶段性成果 广东省高水平大学建设经费资助出版
    
    ISBN 978-7-101-14389-8:CNY59.00
    本书共分名、言、事、物四大类,每个大类收录相应的词语,约600条,内容涉及天文、时令、称谓、官制、建筑、传说、风俗、饮食、言语、服饰、名物、动植物等,然后引书证探源,探求词的得名缘由,揭示词语的最早用例,尤其是记录了相当多的方言俗语,或者加按语加以考证说明。
●
相关链接 在E读中查询图书 在五车中查询图书 在当当中查询图书 在豆瓣中查询图书


正题名:谈徵     索取号:H136.4-61/409         预约/预借

序号 登录号 条形码 馆藏地/架位号 状态 备注
1 1313579   213135793   第二样本阅览室/ [索取号:H136.4-61/409] 在馆    
2 1313580   213135800   第四借阅区/ [索取号:H136.4-61/409] 在馆    
3 1313581   213135819   第四借阅区/ [索取号:H136.4-61/409] 在馆    
4 1313582   213135828   第四借阅区/ [索取号:H136.4-61/409] 在馆    
唐山师范学院图书馆 欢迎您!
大连网信软件有限公司© 版权所有